[Event "GRENKE Chess Classic"]
[Site "Karlsruhe"]
[Date "31.03.2024"]
[Round "9"]
[White "Carlsen, Magnus"]
[Black "Keymer, Vincent"]
[Result "1-0"]
[WhiteTitle "GM"]
[BlackTitle "GM"]
[WhiteElo "2830"]
[BlackElo "2738"]
[WhiteFideId "1503014"]
[BlackFideId "12940690"]
[EventDate "2024.03.26"]

1. d4 Nf6 2. c4 e6 3. Nc3 Bb4 4. Nf3 d6 5. g3 Bxc3+ 6. bxc3 b6 7. Nd2 Bb7 8. f3
e5 9. e4 O-O 10. Bd3 Nc6 11. Nb3 Ne7 12. O-O h6 13. Rb1 Ba6 14. f4 Nh7 15. f5
Kh8 16. Na1 Ng8 17. Nc2 g5 18. Ne3 Ngf6 19. Rb2 Re8 20. Qf3 c5 21. d5 Rg8 22. h3
Kg7 23. a4 Bc8 24. Ra2 Bd7 25. Qd1 Rb8 26. Bd2 Rb7 27. Be1 Kf8 28. Rff2 Ke7 29.
Rfb2 Qc7 30. g4 a6 31. Qe2 a5 32. Qf3 Qd8 33. Rh2 Qe8 34. Bc2 Qf8 35. Kf1 Kd8
36. Bd1 Kc7 37. Ke2 Rb8 38. Kd2 Qg7 39. Kc1 Rh8 40. Rh1 Rbg8 41. Rah2 Qf8 42.
Kb2 Qe8 43. Ka3 Qf8 44. Bd2 Qe8 45. Bc1 Qf8 46. Nf1 Qe7 47. Ng3 Qf8 48. h4 Qg7
49. Qg2 Bc8 50. hxg5 Nxg5 51. Nh5 Nxh5 52. Rxh5 f6 53. Qh2 Nxe4 54. Bxh6 Qe7 55.
Kb2 Bd7 56. Rh4 Be8 57. Bc2 Rxh6 58. Rxh6 Ng5 59. Rh8 Rxh8 60. Qxh8 e4 61. Qh2
Nf3 62. Qf4 Ng5 63. Kb3 Bd7 64. Re1 Qf8 65. Ka3 Qh8 66. Bxe4 Qh3 67. Kb2 Qh7 68.
Bc2 Qg7 69. Re6 Nf7 70. g5 Qxg5 71. Qxg5 fxg5 72. f6 Ne5 73. Rxe5 1-0

[Event "GRENKE Chess Classic"]
[Site "Karlsruhe"]
[Date "31.03.2024"]
[Round "9"]
[White "Rapport, Richard"]
[Black "Vachier-Lagrave, Maxime"]
[Result "1/2-1/2"]
[WhiteTitle "GM"]
[BlackTitle "GM"]
[WhiteElo "2720"]
[BlackElo "2728"]
[WhiteFideId "738590"]
[BlackFideId "623539"]
[EventDate "2024.03.26"]

1. d4 Nf6 2. c4 e6 3. Nf3 d5 4. Bg5 h6 5. Bxf6 Qxf6 6. Nc3 Bb4 7. e3 O-O 8. Rc1
c6 9. Bd3 Nd7 10. O-O Qe7 11. a3 Bd6 12. c5 Bc7 13. e4 dxe4 14. Bxe4 e5 15. Re1
Qd8 16. Bb1 exd4 17. Qd3 g6 18. Ba2 Kh7 19. Qxd4 Ne5 20. Qxd8 Nxf3+ 21. gxf3
Bxd8 22. Ne4 Bh3 23. Nd6 Bg5 24. Rcd1 Kg7 25. f4 Bxf4 26. Re7 b6 27. Rd3 Bxd6
28. cxd6 Bf5 29. Rc3 c5 30. b4 Rad8 31. bxc5 bxc5 32. Rxc5 Rxd6 33. Rcc7 Kf6 34.
Rxf7+ Rxf7 35. Rxf7+ Kg5 36. Rxa7 Be4 37. Bb3 Rc6 38. Rd7 Bf3 39. h3 h5 40. Kh2
Rc1 41. Bd5 Rd1 42. Be6 Ra1 43. Bd5 Rd1 44. Be6 Ra1 1/2-1/2

[Event "GRENKE Chess Classic"]
[Site "Karlsruhe"]
[Date "31.03.2024"]
[Round "10"]
[White "Fridman, Daniel"]
[Black "Rapport, Richard"]
[Result "1/2-1/2"]
[WhiteTitle "GM"]
[BlackTitle "GM"]
[WhiteElo "2590"]
[BlackElo "2720"]
[WhiteFideId "11600454"]
[BlackFideId "738590"]
[EventDate "2024.03.26"]

1. d4 Nf6 2. Nf3 b6 3. g3 Bb7 4. Bg2 e6 5. c4 Be7 6. O-O O-O 7. Re1 a5 8. Bf4 d6
9. Nc3 Ne4 10. Na4 Ra7 11. Rc1 Nd7 12. Nd2 Nxd2 13. Qxd2 Bxg2 14. Kxg2 e5 15.
dxe5 dxe5 16. Red1 Qa8+ 17. f3 Rd8 18. Bg5 f6 19. Be3 e4 20. Qd5+ Qxd5 21. cxd5
exf3+ 22. exf3 Rb7 23. Nc3 Bc5 24. Bxc5 Nxc5 25. Ne4 Kf7 26. Nxc5 bxc5 27. b3
Rb5 28. Rd3 a4 29. bxa4 Ra5 30. Rc4 Rd6 31. Rb3 Rxd5 32. Rb7 Rd7 33. Rb5 Rxb5
34. axb5 Rd2+ 35. Kh3 Rxa2 36. Rxc5 Ra7 37. Kg4 Ke6 38. Rh5 Kf7 39. Rxh7 c6 40.
bxc6 Rc7 41. Rh8 Rxc6 42. h4 Rc4+ 43. f4 Rc3 44. h5 Ra3 45. Rb8 Rc3 46. Kh4 Rf3
47. Rb4 Rf1 48. Ra4 Kg8 49. Kg4 Rh1 50. Ra5 Kh7 51. Kf3 Rf1+ 52. Kg2 Rb1 53. g4
Rb3 54. Ra7 Rc3 55. Re7 Ra3 56. Kf2 Kh6 57. Re8 Kh7 58. Re3 Ra8 59. Kg3 Ra4 60.
Kf3 Ra8 61. Rd3 Re8 62. Rd7 Kh6 63. Rd6 Kh7 64. g5 fxg5 65. fxg5 Ra8 66. Re6 Kg8
67. Kf4 Ra4+ 68. Re4 Ra8 69. Kf5 Ra5+ 70. Re5 g6+ 71. hxg6 Ra6 72. Re6 Ra1 73.
Re8+ Kg7 74. Re7+ Kg8 75. g7 Ra6 76. Rb7 Rc6 77. Kg4 Rc1 78. Kh5 Rc6 79. g6 Rc5+
80. Kh6 Rh5+ 81. Kxh5 1/2-1/2

[Event "GRENKE Chess Classic"]
[Site "Karlsruhe"]
[Date "31.03.2024"]
[Round "10"]
[White "Vachier-Lagrave, Maxime"]
[Black "Carlsen, Magnus"]
[Result "1/2-1/2"]
[WhiteTitle "GM"]
[BlackTitle "GM"]
[WhiteElo "2728"]
[BlackElo "2830"]
[WhiteFideId "623539"]
[BlackFideId "1503014"]
[EventDate "2024.03.26"]

1. Nf3 Nf6 2. g3 b6 3. Bg2 Bb7 4. b3 g6 5. Bb2 Bg7 6. c4 O-O 7. d4 e6 8. O-O Na6
9. Nc3 d5 10. e3 c5 11. Qe2 Qe7 12. cxd5 exd5 13. Rfd1 Rfd8 14. Rac1 Nc7 15. Ba3
Ne4 16. Nxe4 dxe4 17. Nd2 Ba6 18. Qe1 Nb5 19. Bb2 cxd4 20. Nxe4 Bb7 21. exd4
Nxd4 22. Nf6+ Bxf6 23. Qxe7 Bxe7 24. Rxd4 Rxd4 25. Bxd4 Rc8 26. Rxc8+ Bxc8 27.
Bd5 Kf8 28. f4 Bc5 29. Bxc5+ bxc5 30. Kf2 Ke7 31. Ke3 f6 32. Be4 Kd6 33. Kd2 Be6
34. Kc3 Bf7 35. a3 a5 36. b4 cxb4+ 37. axb4 axb4+ 38. Kxb4 h6 39. Kc3 Kc5 40. h4
g5 41. hxg5 hxg5 42. fxg5 fxg5 1/2-1/2

[Event "GRENKE Chess Classic"]
[Site "Karlsruhe"]
[Date "31.03.2024"]
[Round "10"]
[White "Keymer, Vincent"]
[Black "Ding, Liren"]
[Result "1-0"]
[WhiteTitle "GM"]
[BlackTitle "GM"]
[WhiteElo "2738"]
[BlackElo "2762"]
[WhiteFideId "12940690"]
[BlackFideId "8603677"]
[EventDate "2024.03.26"]

1. Nf3 d5 2. g3 Nf6 3. Bg2 g6 4. c4 dxc4 5. Qa4+ Nfd7 6. h4 Nc6 7. Qxc4 Bg7 8.
Nc3 Nb6 9. Qb3 h6 10. d3 O-O 11. O-O e5 12. Ne4 a5 13. Bd2 Bg4 14. Qd1 Nd5 15.
Rc1 Nd4 16. Nxd4 exd4 17. Qb3 c6 18. Qxb7 Bxe2 19. Rfe1 Bxd3 20. Nc5 Rb8 21.
Qxc6 Rxb2 22. Bxd5 Bb5 23. Qb7 d3 24. Ne6 fxe6 25. Rxe6 Kh8 26. Rxg6 Bd7 27.
Rxh6+ Bxh6 28. Qxb2+ Bg7 29. Bc3 Bxc3 30. Qxc3+ Qf6 31. Be4 1-0

[Event "GRENKE Chess Classic Tie Break 4-6"]
[Site "Karlsruhe"]
[Date "31.03.2024"]
[Round "1"]
[White "Ding Liren"]
[Black "Keymer,Vincent"]
[Result "1/2-1/2"]
[WhiteElo "2762"]
[BlackElo "2738"]
[EventDate "2024.03.26"]

1. d4 Nf6 2. c4 e6 3. Nc3 Bb4 4. Nf3 d6 5. Qc2 O-O 6. e3 e5 7. Bd2 Re8 8.
Be2 a5 9. a3 Bxc3 10. Bxc3 e4 11. Nd2 d5 12. O-O Bg4 13. Bxg4 Nxg4 14. h3
Nf6 15. Rfc1 Nc6 16. b4 axb4 17. axb4 Rxa1 18. Rxa1 dxc4 19. Nxc4 Qd5 20.
Ne5 Nxe5 21. dxe5 Nd7 22. Bd4 c6 23. Ra7 b5 24. Rc7 Nxe5 25. Bxe5 Qxe5 26.
Qxc6 g6 27. Rb7 Rd8 28. Rd7 Qa1+ 29. Kh2 Qe5+ 30. Kg1 Qa1+ 31. Kh2 Qe5+ 32.
Kg1 1/2-1/2

[Event "GRENKE Chess Classic Tie Break 4-6"]
[Site "Karlsruhe"]
[Date "31.03.2024"]
[Round "2"]
[White "Fridman, Daniel"]
[Black "Ding, Liren"]
[Result "1-0"]
[WhiteElo "2590"]
[BlackElo "2762"]
[EventDate "2024.03.26"]

1. Nf3 d5 2. g3 c5 3. Bg2 Nf6 4. O-O e6 5. c4 d4 6. e3 Nc6 7. d3 Bd6 8.
exd4 cxd4 9. Bg5 h6 10. Bxf6 Qxf6 11. Nbd2 Qe7 12. a3 a5 13. Ne4 Bc7 14. c5
O-O 15. Nfd2 f5 16. Nd6 Bxd6 17. cxd6 Qxd6 18. Nc4 Qd8 19. Rc1 Ra6 20. Qb3
Kh8 21. Rfe1 f4 22. Qb5 Rf5 23. Qb3 f3 24. Bh3 Rf6 25. Ne5 Qd6 26. Nxc6
Rxc6 27. Qb5 Qc7 28. Rxc6 bxc6 29. Qh5 c5 30. Rc1 Ba6 31. Qe8+ Kh7 32. Bxe6
Rxe6 33. Qxe6 Bxd3 34. Qd5 1-0

[Event "GRENKE Chess Classic Tie Break 4-6"]
[Site "Karlsruhe"]
[Date "31.03.2024"]
[Round "3"]
[White "Keymer, Vincent"]
[Black "Fridman, Daniel"]
[Result "1-0"]
[WhiteElo "2738"]
[BlackElo "2590"]
[EventDate "2024.03.26"]

1. c4 e6 2. Nf3 d5 3. e3 Nf6 4. b3 Bd6 5. Bb2 O-O 6. Nc3 c6 7. Be2 e5 8.
cxd5 cxd5 9. Nb5 Nc6 10. Nxd6 Qxd6 11. d4 Qb4+ 12. Qd2 Qxd2+ 13. Kxd2 Ne4+
14. Ke1 f6 15. Rc1 Bg4 16. h3 Bxf3 17. gxf3 Ng5 18. h4 Ne6 19. dxe5 fxe5
20. Kf1 Rf6 21. Rh3 Raf8 22. Kg2 Rg6+ 23. Rg3 Rxg3+ 24. fxg3 Kf7 25. Bb5
Ned8 26. Rd1 Ke6 27. f4 g6 28. e4 dxe4 29. Bc4+ Kf5 30. Rf1 Nd4 31. fxe5+
Nf3 32. Bd3 1-0

[Event "GRENKE Chess Classic Tie Break 4-6"]
[Site "Karlsruhe"]
[Date "31.03.2024"]
[Round "4"]
[White "Keymer, Vincent"]
[Black "Ding. Liren"]
[Result "1-0"]
[WhiteElo "2738"]
[BlackElo "2762"]
[EventDate "2024.03.26"]

1. Nf3 d5 2. e3 Nf6 3. c4 e6 4. Nc3 b6 5. cxd5 exd5 6. g3 Bd6 7. Bg2 O-O 8.
O-O Re8 9. Re1 Nbd7 10. d3 Bb7 11. b3 c5 12. Bb2 Rc8 13. d4 Nf8 14. Re2 c4
15. Nd2 cxb3 16. Qxb3 Bb8 17. Ree1 Ne6 18. a4 a6 19. Rec1 h5 20. Nf3 Ne4
21. h4 Nf6 22. Ng5 Rc4 23. Nxe6 Rxe6 24. e4 Rxc3 25. Bxc3 dxe4 26. d5 Qxd5
27. Qxd5 Nxd5 28. Bd4 Be5 29. Bxe5 Rxe5 30. Rab1 f5 31. Bf1 e3 32. Bc4 Kh7
33. Re1 Nc3 34. Rxb6 exf2+ 35. Kxf2 Ne4+ 36. Kg1 Rc5 37. Bf7 1-0

[Event "GRENKE Chess Classic 1-2 Posto"]
[Site "Karlsruhe"]
[Date "01.04.2024"]
[Round "C2"]
[White "Rapport, Richard"]
[Black "Carlsen, Magnus"]
[Result "1/2-1/2"]
[WhiteElo "2720"]
[BlackElo "2830"]
[PlyCount "157"]
[EventDate "2024.??.??"]

1. e4 e5 2. Nf3 Nc6 3. Bc4 Nf6 4. d3 Bc5 5. Nc3 h6 6. O-O d6 7. Na4 Bb6 8. a3
Bg4 9. c3 Qc8 10. Nxb6 axb6 11. Bb3 Ne7 12. h3 Be6 13. Ba4+ Bd7 14. Bc2 Ng6 15.
Nh2 O-O 16. f4 exf4 17. Bxf4 Nxf4 18. Rxf4 Qd8 19. d4 Ra5 20. Qd3 d5 21. exd5
g6 22. c4 b5 23. Raf1 Ra6 24. Qf3 Kg7 25. d6 Rxd6 26. c5 Bc6 27. Qf2 Re6 28.
Bb3 g5 29. Rf5 Be4 30. Bxe6 fxe6 31. Re5 Bd3 32. Rd1 Ng4 33. Nxg4 Rxf2 34. Nxf2
Bc4 35. Ng4 Bb3 36. Rd2 h5 37. Nf2 Bd5 38. Ne4 Bxe4 39. Rxe4 g4 40. hxg4 Qg5
41. Rde2 hxg4 42. g3 Qf5 43. Rf4 Qd3 44. Kf2 Qb3 45. Rxg4+ Kf7 46. Rf4+ Kg7 47.
Rfe4 Qd3 48. Kg2 c6 49. Rg4+ Kf7 50. Rf2+ Ke7 51. Rg7+ Ke8 52. Rgf7 e5 53. dxe5
Qd5+ 54. Kh2 Qxc5 55. R7f5 Qe3 56. Kh3 Ke7 57. Rf7+ Ke8 58. Rf8+ Ke7 59. R2f7+
Ke6 60. Rf6+ Kd5 61. Rd8+ Kc4 62. e6 Qe5 63. Rf4+ Kb3 64. Rd3+ Kc2 65. Rdf3
Qxe6+ 66. g4 Kxb2 67. Kg2 c5 68. Rg3 Qd5+ 69. Kh2 Qe5 70. Rf2+ Kb1 71. Rf1+ Kc2
72. Rf2+ Kd1 73. Kh3 Ke1 74. Rf5 Qe4 75. Rg1+ Ke2 76. Rg2+ Ke1 77. Rg1+ Ke2 78.
Rg2+ Ke1 79. Rg1+ 1/2-1/2

[Event "GRENKE Chess Classic 3-4 Posto"]
[Site "Karlsruhe"]
[Date "01.04.2024"]
[Round "C1"]
[White "Keymer, Vincent"]
[Black "Vachier-Lagrave, Maxime"]
[Result "1/2-1/2"]
[WhiteElo "2738"]
[BlackElo "2728"]
[PlyCount "101"]
[EventDate "2024.??.??"]

1. Nf3 Nf6 2. c4 c5 3. Nc3 Nc6 4. g3 d5 5. d4 e6 6. cxd5 exd5 7. a3 Bg4 8. Be3
Be7 9. Bg2 O-O 10. O-O Rc8 11. h3 Bxf3 12. Bxf3 Qd7 13. Kg2 Rfd8 14. Rc1 Qe6
15. Na4 c4 16. Nc3 h6 17. Qc2 Bd6 18. Rcd1 a6 19. Bf4 Bxf4 20. gxf4 Ne7 21. e3
b5 22. Kh2 g6 23. Rg1 Kg7 24. Rg2 Rb8 25. Ne2 Ne4 26. Bxe4 Qxe4 27. Qxe4 dxe4
28. Ng3 f5 29. h4 Kf6 30. Ne2 a5 31. Ra1 Rd6 32. Rgg1 b4 33. axb4 axb4 34. Rgc1
Rc8 35. Ra5 g5 36. hxg5+ hxg5 37. Kg1 gxf4 38. Nxf4 c3 39. bxc3 bxc3 40. Rc5
Rxc5 41. dxc5 Rc6 42. Rxc3 Ke5 43. Kg2 Ng6 44. Nxg6+ Rxg6+ 45. Kh3 Kd5 46. Rc2
Kc6 47. Ra2 Kxc5 48. Ra5+ Kc4 49. Rxf5 Kd3 50. Rf4 Ke2 51. Rxe4 1/2-1/2

[Event "GRENKE Chess Classic 3-4 Posto"]
[Site "Karlsruhe"]
[Date "01.04.2024"]
[Round "C2"]
[White "Vachier-Lagrave, Maxime"]
[Black "Keymer, Vincent"]
[Result "1/2-1/2"]
[WhiteElo "2728"]
[BlackElo "2738"]
[PlyCount "75"]
[EventDate "2024.??.??"]

1. c4 Nf6 2. Nc3 e5 3. Nf3 Nc6 4. g3 Bb4 5. Nd5 e4 6. Nh4 O-O 7. Bg2 d6 8. a3
Ba5 9. b4 Bb6 10. Bb2 Bd4 11. Bxd4 Nxd4 12. e3 Nf5 13. Nxf5 Bxf5 14. Nxf6+ Qxf6
15. O-O c6 16. f3 Qe6 17. fxe4 Bxe4 18. Bxe4 Qxe4 19. Rf4 Qe5 20. Rb1 Rad8 21.
b5 d5 22. cxd5 Qxd5 23. bxc6 bxc6 24. Rb2 g6 25. Qc2 Rd7 26. Rd4 Qe6 27. Qc4
Qf5 28. Rf4 Qa5 29. Qa4 Qe5 30. Qxc6 Qxb2 31. Qxd7 Qxa3 32. Ra4 Qc1+ 33. Kg2
Qd1 34. Rxa7 Qe2+ 35. Kg1 Qe1+ 36. Kg2 Qe2+ 37. Kg1 Qe1+ 38. Kg2 1/2-1/2

[Event "GRENKE Chess Classic 3-4 Posto"]
[Site "Karlsruhe"]
[Date "01.04.2024"]
[Round "R1"]
[White "Vachier-Lagrave, Maxime"]
[Black "Keymer, Vincent"]
[Result "1/2-1/2"]
[WhiteElo "2728"]
[BlackElo "2738"]
[PlyCount "88"]
[EventDate "2024.??.??"]

1. e4 e5 2. Nf3 Nc6 3. Bc4 Nf6 4. d3 Bc5 5. Nc3 d6 6. Be3 Bb6 7. Nd5 h6 8. Nxb6
axb6 9. a3 O-O 10. O-O Be6 11. Bxe6 fxe6 12. c4 d5 13. cxd5 exd5 14. Re1 Qd6
15. exd5 Nxd5 16. Rc1 Rad8 17. h3 Qg6 18. Nh4 Qf7 19. Qg4 Rd6 20. Kh2 Nf4 21.
Bxf4 Qxf4+ 22. Qxf4 Rxf4 23. Nf3 Rxd3 24. Re3 Rd5 25. g3 Rf7 26. Kg2 Re7 27.
Rce1 Kf7 28. h4 Kf6 29. Nh2 Rd2 30. b4 b5 31. Kh3 h5 32. g4 Rxf2 33. gxh5 Rf4
34. Ng4+ Kf5 35. Rg3 Ke6 36. h6 gxh6 37. Nxh6 Nd4 38. Ng4 Kd6 39. Rd3 Kd5 40.
h5 e4 41. Ne3+ Ke5 42. Ng4+ Kd5 43. Ne3+ Ke5 44. Ng4+ Kd5 1/2-1/2

[Event "GRENKE Chess Classic 3-4 Posto"]
[Site "Karlsruhe"]
[Date "01.04.2024"]
[Round "R2"]
[White "Keymer, Vincent"]
[Black "Vachier Lagrave, Maxime"]
[Result "0-1"]
[WhiteElo "2738"]
[BlackElo "2728"]
[PlyCount "60"]
[EventDate "2024.??.??"]

1. d4 Nf6 2. Nf3 g6 3. Nbd2 d5 4. e3 a5 5. b3 Bg7 6. Be2 O-O 7. O-O c5 8. a4
Nc6 9. Bb2 Ne4 10. h3 Re8 11. Bb5 Nd6 12. c3 cxd4 13. exd4 Bd7 14. Re1 Rc8 15.
Rc1 Qb6 16. Bxc6 Qxc6 17. Ne5 Qc7 18. Ba3 Bf5 19. g4 Be6 20. Qf3 Bh6 21. Rc2
Ne4 22. Nxe4 dxe4 23. Rxe4 Bxb3 24. g5 Bxg5 25. c4 Bxc2 26. Qxf7+ Kh8 27. Rg4
Rf8 28. Qd5 Bf6 29. Bc1 Bxe5 30. dxe5 Rcd8 0-1

[Event "GRENKE Chess Classic 5-6 Posto"]
[Site "Karlsruhe"]
[Date "01.04.2024"]
[Round "C1"]
[White "Ding, Liren"]
[Black "Fridman, Daniel"]
[Result "1-0"]
[WhiteElo "2762"]
[BlackElo "2590"]
[PlyCount "115"]
[EventDate "2024.??.??"]

1. c4 e6 2. g3 d5 3. Bg2 Nf6 4. Nf3 Be7 5. O-O O-O 6. d4 dxc4 7. Qc2 a6 8. a4
Nc6 9. Qxc4 Na5 10. Qc2 b6 11. Ne5 Bb7 12. Bxb7 Nxb7 13. Nc6 Qe8 14. Rd1 Bc5
15. Ne5 Bd6 16. Nc3 Na5 17. Bf4 Nc6 18. Rac1 Nb4 19. Qb3 Nfd5 20. Bd2 b5 21.
axb5 axb5 22. Ne4 Bxe5 23. Bxb4 Nxb4 24. Qxb4 Ra4 25. Qc5 Bd6 26. Nxd6 cxd6 27.
Qxd6 Qa8 28. d5 exd5 29. Rxd5 Ra1 30. Rdd1 Ra2 31. Qe5 Re8 32. Qxb5 Rb8 33. Qf5
Raxb2 34. Rd7 Rf8 35. Rxf7 Rxf7 36. Rc8+ Qxc8 37. Qxc8+ Rf8 38. Qe6+ Kh8 39. f4
h6 40. Kf2 Ra8 41. h4 Rab8 42. Kf3 R2b6 43. Qd7 R6b7 44. Qd4 Rb4 45. Qa7 R4b7
46. Qf2 Rb3+ 47. e3 Rb1 48. Kg4 Re8 49. Qd2 Rb3 50. Kf3 h5 51. Kf2 Ra3 52. Qc1
Rb3 53. Qc5 Rexe3 54. Qxe3 Rxe3 55. Kxe3 g6 56. Ke4 Kg7 57. Ke5 Kf7 58. f5 1-0

[Event "GRENKE Chess Classic 5-6 Posto"]
[Site "Karlsruhe"]
[Date "01.04.2024"]
[Round "C2"]
[White "Fridman, Daniel"]
[Black "Ding, Liren"]
[Result "1/2-1/2"]
[WhiteElo "2590"]
[BlackElo "2762"]
[PlyCount "55"]
[EventDate "2024.??.??"]

1. Nf3 d5 2. g3 Nf6 3. Bg2 c5 4. O-O e6 5. c4 d4 6. e3 Nc6 7. d3 Bd6 8. exd4
cxd4 9. Bg5 h6 10. Bxf6 Qxf6 11. Nbd2 Qe7 12. a3 a5 13. Ne4 Bc7 14. b4 axb4 15.
axb4 Rxa1 16. Qxa1 f5 17. Nc5 Nxb4 18. Qa4+ Kf7 19. Qxb4 Bd6 20. Qb5 Bxc5 21.
Ne5+ Kf6 22. f4 Rd8 23. Rb1 Bd6 24. h4 Qc7 25. Nf3 Bc5 26. Ne5 Bd6 27. Nf3 Bc5
28. Ne5 1/2-1/2